Responses for Show #2106 - Monday, November 1, 1993

Drawing for Season 1 & Season 2 players for the 10th Anniversary Tournament.

Contestants

[<< previous game]

Matt Giers, a political science student originally from New Albany, Indiana

Peter Gay, a graphic designer from Stoughton, Massachusetts

Steven McKenna, a director of banquets originally from Holyoke, Massachusetts (whose 1-day cash winnings total $15,401)

[next game >>]

Jeopardy! Round responses

THE NEW TESTAMENT
TELEVISION
FOOD
HISTORIC NAMES
TRAVEL & TOURISM
FOR THE BIRDS
    $100 2
as thyself

Steven
    $100 14
Sea Hunt

Matt
    $100 1
mushrooms

Peter
    $100 4
(Madame) Tussaud

Peter
    $100 16
France

Steven
    $100 24
the crow

Matt
    $200 5
a donkey

Peter
    $200 15
an orangutan

Peter
    $200 3
pita

Matt
    $200 9
Stanley

Peter
    $200 17
Galileo

Steven
    $200 25
turkey

Peter
    $300 6
Revelation

Peter
    $300 21
Douglas

Peter
    $300 13
Chili

Peter
    $300 10
Tad

Matt
    $300 18
(George) Eastman

Matt
    $300 26
a gull-wing

Peter
    $400 7
Herod Antipas

Peter
    $400 22
Rhea Perlman

Peter
    $400 29
mutton (lamb)

Steven
    $400 11
(Matt: Who was Tito?)

Joseph Stalin

Matt
Triple Stumper
    $400 19
(Steven: What is North Carolina?)

Tennessee

StevenMatt
    $400 27
a pigeon-hole

Matt
    $500 8
Damascus

Peter
    $500 23
(Steven: What is Knots Landing?)

Scarecrow and Mrs. King

Steven
Triple Stumper
    $500 30
shrimp

Steven
    $500 12
Farouk

Steven
    $500 20
the Alhambra

Matt
    $500 28
partridges

Steven

Scores at the first commercial break (after clue 15):

Steven Peter Matt
$600 $2,300 $200

Scores at the end of the Jeopardy! Round:

Steven Peter Matt
$1,400 $3,500 $1,900

Double Jeopardy! Round responses

COLONIAL AMERICA
9-LETTER WORDS
COMPOSERS
POETS & POETRY
MEDICINE
FAMOUS HOMES
    $200 3
Maryland

Peter
    $200 16
a proboscis

Matt
    $200 25
"God Save the Queen"

Matt
    $200 1
quinine

Steven
    $200 11
(Peter: What is Harry Truman?)

Mark Twain

StevenPeter
    $400 4
(Peter: Who is Stuyvesant?)

(Peter) Minuit

PeterMatt
    $400 18
a registrar

Matt
    $400 24
Scott Joplin

Peter
    $400 2
(Steven: Who is Salk?)

Sabin

StevenPeter
    $400 12
Brigham Young

Peter
    $600 5
(Steve: Who is Nathan Hale?)

Benjamin Franklin

StevenPeter
    $600 22
(Peter: What is the feudal system?)
...
(Alex: 9-LETTER WORDS is the category.)

feudalism

StevenPeter
    $600 20
(Steven: What is violin?)

a piano

StevenMatt
    $600 8
(Steven: What is rickets?)

anemia

Steven
Triple Stumper
    $600 13
Thomas Edison

Triple Stumper
    $800 6
Cotton Mather

Peter
    $800 17
ectoplasm

Peter
    $800 21
Ravel

Peter
    $3,500 27
[The end-of-round signal sounds.]

the haiku

Matt
    $800 9
hepatitis

Peter
    $800 14
(Matt: Who is Faulkner?)

Jefferson Davis

Matt
Triple Stumper
    $1000 7
Peregrine White

Triple Stumper
    $1000 19
scrimshaw

Matt
    $1000 23
(Matt: Who is Rimsky-Korsakov?)
...
(Alex: We've got about a minute left in the round.)

Aram Khachaturian

Matt
Triple Stumper
    $1000 26
Edgar Allan Poe

Matt
    $1000 10
EEG (electroencephalograph)

Peter
    $1000 15
Cornelius Vanderbilt

Triple Stumper

Scores at the end of the Double Jeopardy! Round:

Steven Peter Matt
$200 $8,500 $7,400

[wagering suggestions for these scores]

Final Jeopardy! Round responses

SCIENTIFIC DISCOVERIES
StevenWhat is penicillin?
$200
MattWhat is Pluto?
$6,999
PeterWhat is Pluto?
$6,301
Pluto

Final scores:

Steven Peter Matt
$0 $14,801 $14,399
3rd place: Aiwa stereo system New champion: $14,801 2nd place: La-Z-Boy sofa & love seat + Carpet One carpeting

Game dynamics:

Coryat scores:

Steven Peter Matt
$200 $8,500 $4,700
10 R,
6 W
23 R
(including 1 DD),
3 W
16 R
(including 2 DDs),
3 W

Combined Coryat: $13,400

[game clues] [game scores] [suggest correction]

Game tape date: 1993-08-30
The J! Archive is created by fans, for fans. Scraping, republication, monetization, and malicious use prohibited; this site may use cookies and collect identifying information. See terms. The Jeopardy! game show and all elements thereof, including but not limited to copyright and trademark thereto, are the property of Jeopardy Productions, Inc. and are protected under law. This website is not affiliated with, sponsored by, or operated by Jeopardy Productions, Inc. Join the discussion at JBoard.tv.